000 00711nam a22002537a 4500
003 UA-OsUOA
001 69316
007 ta
008 20100616b un ||||| |||| 00| 0 ukr d
100 _aДоган М.
700 _aПеласси Д.
090 _a316.334.3
_bД59
942 _cBK
040 _aUA-OsUOA
_brus
_cUA-OsUOA
_dUA-OsUOA
245 _aСравнительная политическая социология
300 _a272 с.
955 _a2
041 _arus
080 _a316.334.3
020 _a0869-8120
260 _aМ.
_c1994
650 7 _a316.3 Соціальна структура. Суспільство як соціальна система
_2UDC
999 _c355554
_d355554